000 00626nam a2200265Ia 4500
005 20260320203350.0
008 008 262003s9999 xx 000 0 eng d
020 _a978-3-031-58307-0
037 _aEBOOK
040 _aCRL
040 _beng
040 _cCRL
041 _2eng
041 _aeng
084 _qCRL
100 _aMartin N. Ndlela
_91067555
245 0 _aOrganizational Communication in the Digital Era
260 _bSpringer
260 _c2024
650 _aPhysics
856 _uhttps://doi.org/10.1007/978-3-031-58307-0
942 _cEBOOK
999 _c1726292
_d1726292